[Event "Stay Safe Play From Home 184"]
[Site "T#646426Emanuel Laske"]
[Date "2020.05.29"]
[Round "7"]
[White "Grizzzly"]
[Black "The Next Contender"]
[Result "1/2-1/2"]
[WhiteElo "1712"]
[BlackElo "1989"]
[Annotator "TA"]
[PlyCount "121"]
[EventDate "2020.05.29"]
[EventType "swiss (blitz)"]

{[%evp 11,121,16,28,28,33,18,41,36,32,34,61,7,22,16,50,8,17,-58,-37,-61,114,27,20,-89,-85,-84,-86,-132,-67,-102,-107,-91,-95,-161,-24,-66,84,-55,-22,-78,-92,-118,-115,-98,-59,-175,-70,-97,47,20,35,-93,0,-98,-97,-97,88,88,88,-154,-135,-4133,-94,-212,-103,-5505,-5310,-1171,-164,-29966,-29969,-29966,-29966,-29966,-29968,-29974,-29972,-29969,-59,-29983,-29981,-29981,-29982,-29984,-29983,-29985,-29985,-29985,-8,-29988,-29989,-29989,-29990,-29990,-29991,-29992,-29992,-29992,-29993,-29993,-29990,-29990,-29989,-29991,-29990,-29990,-29991,-29993,-29994,-29994,-29995,-29995]} 1. d4 d5 2. c4 c6 3. Nc3 Nf6 4. cxd5 cxd5 5. Nf3 e6 6. Bf4 Be7 7. e3 {D13: Slav Defence: Exchange variation without ...Bf5.} O-O 8. Bd3 b6 9. O-O {White is slightly better.} Bb7 10. Ne5 Nc6 {[#]} 11. Ng4 $146 (11. Rc1 $14) ({Predecessor:} 11. Rc1 Rc8 12. Qf3 Nd7 13. Qh3 f5 14. Nxd7 Qxd7 15. Qg3 Nb4 16. Bb5 Qd8 17. Be5 {0-1 (67) Just,J (1998)-Thesing,A (1798) Leipzig 2014}) 11... Nxg4 12. Qxg4 Bf6 13. Rac1 Rc8 14. e4 (14. Rfd1 $11) 14... dxe4 $15 ({And not} 14... Nxd4 15. e5 $16) 15. Nxe4 {Black must now prevent Rxc6!} Qxd4 $2 (15... Be7 $15 16. Qg3 Nxd4) 16. Qh3 (16. Rcd1 $1 $16) 16... g6 $1 $11 17. Nxf6+ (17. Rc4 $11 {remains equal.} Qd8 18. Rd1) 17... Qxf6 $17 18. Bh6 Rfd8 19. Bc4 Ne5 (19... Ne7 $17 {Threatens to win with ...Nf5.} 20. Bd3 Qxb2) 20. Be2 Rxc1 21. Rxc1 Nc6 22. Bf3 (22. b3 $17 {was worth a try.}) 22... Na5 (22... Qxb2 $19 {Hoping for ...Nd4.} 23. Qh4 Qd4) 23. b3 Qb2 (23... Rc8 $15 {keeps the upper hand.} 24. Rxc8+ Bxc8) 24. Re1 (24. Qg3 $16) 24... Qc3 {[%cal Rc3e1]} ({Don't blunder} 24... Qxa2 $2 25. Qh4 $18) 25. Rf1 (25. Rc1 $11 Qd4 26. Qg3) 25... Bxf3 26. Qxf3 Qxf3 27. gxf3 {[%mdl 4096] Endgame KRB-KRN} Rc8 28. Be3 (28. Rd1 $15) 28... Rc2 (28... Kf8 $19 29. Rd1 Ke8) 29. Rd1 h6 (29... Kf8 $17 30. Rd7 Rxa2 31. Rxa7 Ra1+ 32. Kg2 Nxb3 33. Rxa1 Nxa1 34. Bxb6 Nc2) 30. Rd8+ $1 $14 Kg7 31. Rd7 (31. Bd4+ $14 {was forced to keep a grip.} f6 32. Rd7+ {[%mdl 64] Double Attack} Kg8 33. Rxa7) 31... Rxa2 (31... Nc6 $17 32. a3 Kf6) 32. Rxa7 (32. Bd4+ $1 $11 e5 33. Bxe5+ Kf8 34. Bf6) 32... Ra1+ $17 33. Kg2 {[#] And now Bd4+ would win.} Nxb3 $2 (33... Rd1 $1 $17 34. Bxb6 Nxb3) 34. Rxa1 $16 Nxa1 35. Bxb6 $2 $17 {KB-KN} (35. Bd4+ $16 Kf8 36. Bxa1) 35... Nc2 36. Be3 $2 {[%mdl 8192]} (36. Kg3 $17) 36... Nb4 $2 (36... Nxe3+ $19 37. fxe3 Kf6) 37. Kg3 {[#]} (37. Bd4+ $17 {was necessary.} f6 38. f4) 37... Nd5 (37... e5 $1 $19 {is more deadly.} 38. f4 exf4+ 39. Bxf4 g5 40. Be5+ Kg6) 38. Kg4 $2 {[%mdl 8192]} (38. Bd4+ $17 Kf8 39. f4) 38... f5+ $19 39. Kg3 g5 $2 (39... Nxe3 40. fxe3 Kf6) 40. f4 $2 (40. Bd4+ $19 Kg6 41. Kg2) 40... gxf4+ 41. Bxf4 Nxf4 42. Kxf4 {K3P-KPP} Kf6 43. f3 e5+ 44. Ke3 Kg5 $2 (44... Ke6 45. f4 e4 46. Kd4 Kd6 47. Kc4 Kc6 48. h3 h5 49. Kd4 Kb5 50. Kc3 Kc5 51. Kb3 Kd4 52. Kc2 e3 53. Kd1 Kd3 54. h4 Ke4 55. Kc2 Kxf4 56. Kd3 Kf3 57. Kc4 e2 58. Kc5 e1=Q 59. Kc4 Qa5 60. Kb3 Qb5+ 61. Kc2 Qb4 62. Kd3 f4 63. Kc2 Ke3 64. Kc1 Kd3 65. Kd1 Qd2#) 45. h3 $2 {[%mdl 8192]} (45. f4+ $15 exf4+ 46. Kf2) 45... h5 46. f4+ exf4+ {KP-KP} 47. Kf3 Kh4 48. Kxf4 Kxh3 49. Kf3 f4 $2 (49... h4 {mates} 50. Kf4 Kg2 51. Kxf5 h3 52. Ke4 h2 53. Ke5 h1=Q 54. Kd4 Qh5 55. Kc4 Qa5 56. Kd3 Kf3 57. Kc2 Ke4 58. Kb2 Kd3 59. Kb3 Qb5+ 60. Ka3 Kc3 61. Ka2 Qb2#) 50. Kf2 $2 {[%mdl 8192]} (50. Kxf4 $11 h4 51. Kf3) 50... Kg4 {Black mates.} 51. Kg1 h4 52. Kh1 h3 53. Kg1 Kg3 54. Kh1 f3 55. Kg1 h2+ 56. Kh1 Kf2 57. Kxh2 Ke2 58. Kg3 f2 59. Kg4 f1=Q 60. Kg5 Qf7 61. Kg4 {[%mdl 32768] Accuracy: White = 29%, Black = 46%. . An unexpected result.} 1/2-1/2

[Event "Stay Safe Play From Home 184"]
[Site "T#646426Emanuel Laske"]
[Date "2020.05.29"]
[Round "7"]
[White "Trotsky"]
[Black "Justwatch"]
[Result "0-1"]
[WhiteElo "1555"]
[BlackElo "1702"]
[Annotator "NA RC"]
[PlyCount "66"]
[EventDate "2020.05.29"]
[EventType "swiss (blitz)"]

1. d4 {[%emt 0:00:01]} Nf6 {[%emt 0:00:00]} 2. e3 {[%emt 0:00:00]} g6 {[%emt 0:00:00]} 3. c4 {[%emt 0:00:01]} Bg7 {[%emt 0:00:00]} 4. Nc3 {[%emt 0:00:01]} O-O {[%emt 0:00:00]} 5. Bd3 {[%emt 0:00:01]} d6 {[%emt 0:00:00]} 6. Qc2 {[%emt 0:00:01]} Bg4 {[%emt 0:00:01]} 7. f3 {[%emt 0:00:01]} Bd7 {[%emt 0:00:01]} 8. g4 {[%emt 0:00:01]} Nc6 {[%emt 0:00:00]} 9. a3 {[%emt 0:00:02]} e5 {[%emt 0:00:00]} 10. h4 {[%emt 0:00:01]} exd4 {[%emt 0:00:01]} 11. Ne4 {[%emt 0:00:01]} dxe3 {[%emt 0:00:01]} 12. Bxe3 {[%emt 0:00:01]} Ne5 {[%emt 0:00:02]} 13. Nh3 {[%emt 0:00:02]} Nxf3+ {[%emt 0:00:01]} 14. Kf2 {[%emt 0:00:01]} Bxg4 {[%emt 0:00:02]} 15. Nhg5 {[%emt 0:00:02]} Nxg5 {[%emt 0:00:02]} 16. hxg5 {[%emt 0:00:02]} Nxe4+ {[%emt 0:00:02]} 17. Bxe4 {[%emt 0:00:01]} Qe7 {[%emt 0:00:01]} 18. Bd3 {[%emt 0:00:03]} Rae8 {[%emt 0:00:02]} 19. Rae1 {[%emt 0:00:01]} Bf6 {[%emt 0:00:04]} 20. Rh6 {[%emt 0:00:05]} Bxg5 {[%emt 0:00:01]} 21. Rxh7 {[%emt 0:00:03]} Qf6+ {[%emt 0:00:01]} 22. Kg3 {[%emt 0:00:04]} Kxh7 {[%emt 0:00:03]} 23. Rh1+ {[%emt 0:00:02]} Kg7 {[%emt 0:00:02]} 24. Bxg5 {[%emt 0:00:01]} Qxg5 {[%emt 0:00:01]} 25. Qc3+ {[%emt 0:00:01]} f6 {[%emt 0:00:01]} 26. Qc2 {[%emt 0:00:05]} Re3+ {[%emt 0:00:01]} 27. Kg2 {[%emt 0:00:02]} Bf3+ {[%emt 0:00:01]} 28. Kf1 {[%emt 0:00:03]} Bxh1 {[%emt 0:00:02]} 29. Qf2 {[%emt 0:00:03]} Rf3 {[%emt 0:00:01]} 30. Qxf3 {[%emt 0:00:02]} Bxf3 {[%emt 0:00:00]} 31. Kf2 {[%emt 0:00:01]} Bc6 {[%emt 0:00:01]} 32. Bf1 {[%emt 0:00:02]} Re8 {[%emt 0:00:01]} 33. c5 {[%emt 0:00:02]} Qe3# {[%emt 0:00:00] (Lag: Av=0.35s, max=0.8s)} 0-1

[Event "Stay Safe Play From Home 184"]
[Site "T#646426Emanuel Laske"]
[Date "2020.05.29"]
[Round "8"]
[White "Eidgenosse"]
[Black "Grizzzly"]
[Result "1-0"]
[WhiteElo "2462"]
[BlackElo "1723"]
[Annotator "TA"]
[PlyCount "65"]
[EventDate "2020.05.29"]
[EventType "swiss (blitz)"]

{[%evp 15,65,22,30,11,14,18,66,68,337,300,476,276,251,193,202,206,610,607,561,470,475,470,455,387,452,447,463,460,456,403,533,514,636,636,618,487,487,480,1722,473,527,525,527,514,783,773,748,745,29986,29987,29987,29982]} 1. d4 e6 2. Nc3 d5 3. e4 Nf6 4. e5 Nfd7 5. f4 c5 6. Nf3 cxd4 7. Nxd4 Nc6 8. Be3 Bb4 9. Qd2 {C11: French: Classical System: 4 e5 and 4 Bg5 dxe4.} O-O 10. a3 {[#]} Bxc3 $146 ({Predecessor:} 10... Ba5 11. Be2 Bb6 12. O-O-O Nc5 13. h4 Bd7 14. h5 Rc8 15. g4 a6 16. Kb1 Qc7 {1-0 (42) Eloranta,K (2016)-Savola,A (2023) Tampere 2006}) 11. Qxc3 {White is slightly better.} f6 $2 {[%mdl 8192]} (11... Nxd4 $14 12. Qxd4 (12. Bxd4 b6 $11) 12... b6) 12. Nxe6 $18 {[%mdl 64] [#] Double Attack} d4 (12... Qe8 {was worth a try.}) 13. Nxd8 (13. Bxd4 $142 Qe8 14. Nxf8 Nxf8 15. O-O-O) 13... dxc3 14. Nxc6 cxb2 15. Rb1 b6 $2 (15... bxc6 16. e6 (16. Rxb2 fxe5 17. Bc4+ Kh8 $16) 16... Nb6) 16. Ne7+ Kf7 17. Nxc8 Raxc8 18. Bd3 fxe5 19. fxe5 Nxe5 20. O-O+ Kg8 21. Rxf8+ Rxf8 22. Rxb2 Ng4 23. Bd4 h6 24. h3 Nf6 25. Bxf6 Rxf6 {[%mdl 4096] Endgame KRB-KR} 26. Rb5 Re6 (26... Kf7 $142 27. a4 Ke6) 27. a4 (27. Bc4 $142 Kf8 28. Bxe6) 27... Re1+ 28. Kf2 Ra1 29. Rb4 a5 (29... Kf7 $142 30. Bb5 Kf6) 30. Rxb6 {[#] White wants to mate with Bg6.} Rxa4 31. Ra6 Ra2 32. Bc4+ Kf8 33. Bxa2 {Black did not feel at home in the position after the opening. Accuracy: White = 62%, Black = 19%.} 1-0

[Event "Stay Safe Play From Home 184"]
[Site "T#646426Emanuel Laske"]
[Date "2020.05.29"]
[Round "8"]
[White "Mepe_Nika"]
[Black "Trotsky"]
[Result "1-0"]
[WhiteElo "2309"]
[BlackElo "1545"]
[Annotator "TA"]
[PlyCount "77"]
[EventDate "2020.05.29"]
[EventType "swiss (blitz)"]

{[%evp 11,76,29,39,29,82,71,76,36,87,15,178,170,169,170,494,483,500,499,502,499,588,366,364,366,416,301,1243,1110,1108,1099,1236,1231,2297,2262,2128,2139,29966,29966,29966,29967,29966,29966,29966,29966,29962,29966,29988,29982,29990,29991,29993,29994,29995,29994,29994,29994,29994,29994,29994,29995,29995,29995,29996,29995,29998,29999,29999]} 1. d4 d5 2. c4 e6 3. Nc3 c5 4. cxd5 exd5 5. Nf3 Be6 6. g3 Nc6 7. Bg2 {D33: Tarrasch Defence: 6 g3 sidelines.} a6 (7... Nf6 $11) 8. O-O Nf6 9. Bf4 {White is better.} c4 {[#]} (9... Be7 $14) 10. b3 $146 (10. Ng5 $16) ({Predecessor:} 10. Re1 Bb4 11. a3 Ba5 12. Ne5 O-O 13. f3 Qb6 14. Nxc6 bxc6 15. Qd2 c5 16. Be3 Nd7 {½-½ (62) Liu,H-Zhou,Q Vung Tau 2008}) 10... Bd6 $2 {[#] Black cannot hold the game after this.} (10... Bb4 $11 {and Black is okay.} 11. Na4 Rc8) 11. Bxd6 $18 Qxd6 12. bxc4 Ng4 $2 (12... Rd8 {is a better chance.}) 13. cxd5 Bxd5 14. Nxd5 Qxd5 15. Ne5 Qd6 16. Nxc6 bxc6 17. Qa4 Kf8 18. Qxc6 Qb8 $2 {[#]} (18... Qxc6 19. Bxc6 Rd8) 19. Qxa8 Qxa8 20. Bxa8 h5 21. Rab1 g6 22. Rb8+ Kg7 23. Rxh8 Kxh8 24. d5 {White mates.} Kg7 25. d6 Nf6 26. Rd1 Nd7 27. Bc6 Nc5 28. d7 Nxd7 29. Rxd7 a5 30. Bd5 Kh6 31. Rxf7 g5 32. f4 Kg6 33. e4 a4 34. f5+ Kh6 35. e5 a3 36. f6 h4 37. Be4 {[%csl Ge4][%cal Rf7h7]} g4 38. gxh4 {[%csl Ge4][%cal Rf7h7]} g3 39. Rh7# {Accuracy: White = 59%, Black =  4%.} 1-0

[Event "Stay Safe Play From Home 184"]
[Site "T#646426Emanuel Laske"]
[Date "2020.05.29"]
[Round "8"]
[White "Rogan"]
[Black "Weltszmerc"]
[Result "1-0"]
[WhiteElo "2252"]
[BlackElo "2082"]
[Annotator "TA"]
[PlyCount "85"]
[EventDate "2020.05.29"]
[EventType "swiss (blitz)"]

{[%evp 10,84,0,0,0,0,6,0,44,-13,16,-5,0,0,0,6,38,28,51,0,36,-6,51,46,39,28,33,5,7,0,0,-234,-283,-285,-292,-266,-270,-247,0,0,0,0,1380,1376,1375,1375,1345,1342,1315,1294,1382,1381,1358,1328,29954,6558,5518,6195,5597,5369,2233,1663,6466,5377,29983,29984,29989,29990,29993,29994,29995,29994,29996,29997,29997,29998,29999]} 1. d4 Nf6 2. c3 b6 3. Nf3 Bb7 4. Bg5 e6 5. e3 Be7 6. Nbd2 O-O {A46: 1 d4 Nf6 2 Nf3 e6: Torre, London and Colle Systems.} 7. Bd3 d5 8. Qc2 h6 {The position is equal.} 9. Bh4 {[#]} (9. Bxf6 $14 Bxf6 10. e4) 9... Ba6 $146 ({Predecessor:} 9... Nbd7 10. O-O c5 11. h3 Re8 12. Ne5 Nxe5 13. dxe5 Nd7 14. Bg3 Rc8 15. Rad1 Qc7 {0-1 (54) Xu,R (2020)-Cui,C (1604) Montreal 2017}) 10. Ne5 Bxd3 11. Qxd3 c5 12. f4 c4 13. Qe2 a6 14. Ndf3 ({White should try} 14. e4 $14) 14... Qc7 15. O-O Nc6 ({Better is} 15... Ne4 $11) 16. Nxc6 $14 Qxc6 17. Ne5 Qc7 18. f5 (18. Bxf6 $5 Bxf6 19. Rae1 $14) 18... exf5 19. Rxf5 {Strongly threatening Raf1.} Ne4 20. Raf1 $2 (20. Qh5 $11 {and White stays safe.} Bxh4 21. Qxh4) 20... Bxh4 $19 21. Rxf7 Rxf7 22. Rxf7 {[#]} Qd6 $1 23. Qg4 {[%csl Gf7][%cal Rg4g7]} Bf6 $2 (23... Bg5 $19 24. h4 h5) 24. Rd7 $40 {[%mdl 128] Black needs to defend precisely.} Qf8 $1 {White must now prevent ...Bxe5.} 25. Qe6+ Kh8 $2 {[%mdl 8192] White now steadily converts the win.} (25... Kh7 $11 26. Qf5+ Kg8 27. Qe6+ Kh7 28. Qf5+ Kg8 29. Qe6+) 26. Ng6+ $18 {[%mdl 64] [#] Double Attack} Kh7 27. Nxf8+ Rxf8 28. Qxd5 Nd2 29. Qf5+ Kh8 30. Rc7 Be7 31. Rc8 Kg8 32. Qe6+ Kh7 33. Rxf8 Bxf8 34. Qf5+ Kg8 35. e4 b5 36. e5 Be7 37. e6 {White mates.} Bf6 38. d5 b4 39. d6 bxc3 40. bxc3 Bxc3 41. e7 {[%cal Re7e8]} Bd4+ 42. Kh1 {[%cal Re7e8]} c3 43. e8=Q# {Accuracy: White = 72%, Black = 65%.} 1-0

[Event "Stay Safe Play From Home 184"]
[Site "T#646426Emanuel Laske"]
[Date "2020.05.29"]
[Round "8"]
[White "Little champs"]
[Black "Lazieri3"]
[Result "0-1"]
[WhiteElo "2143"]
[BlackElo "2013"]
[Annotator "TA"]
[PlyCount "110"]
[EventDate "2020.05.29"]
[EventType "swiss (blitz)"]

{[%evp 9,109,-44,-14,-14,-14,-52,0,-6,-12,-11,31,31,31,17,23,-32,-28,-108,-5,-11,-19,-83,-89,-95,-41,-283,-289,-275,-270,-29992,-277,-325,-326,-526,-363,-350,-339,-327,-325,-315,-314,-287,-64,-82,-55,-57,-23,-135,-71,-266,-256,-249,-248,-748,-738,-723,-727,-859,-686,-668,-379,-379,-379,-29974,-29975,-29980,-29976,-29975,-29976,-29987,-29988,-29988,-29989,-29989,-29990,-29990,-29985,-29985,-29986,-29986,-29987,-29987,-29988,-29988,-29989,-29989,-29990,-29991,-29992,-29993,-29992,-29994,-29994,-29995,-29994,-29997,-29997,-29997,-29997,-29998,-29999,-29999]} 1. d3 c6 2. e4 d5 3. exd5 cxd5 4. Nf3 Nc6 5. Be2 Bf5 6. O-O {B10: Caro-Kann: 2 d3 and 2 c4.} Nf6 {[#]} 7. c3 $146 ({Predecessor:} 7. Bf4 e6 8. d4 Bd6 9. Bxd6 Qxd6 10. h3 O-O 11. Nc3 a6 12. Bd3 Bxd3 13. Qxd3 {0-1 (41) Murdock,A-Fritze,S Tulsa 2008}) 7... e6 (7... e5 $15) 8. d4 {The position is equal.} h6 9. Bf4 Bxb1 10. Rxb1 Bd6 11. Be3 O-O 12. b3 (12. Bd3 $11) 12... Ne4 $15 13. c4 (13. Rc1 $11) 13... b6 (13... Nc3 $17 14. Qd3 Nxb1 15. Rxb1 Qf6) 14. Qc2 $11 Rc8 15. Bd3 (15. Qb2 $11) 15... Nb4 $17 16. Qd1 Nxa2 (16... Nc3 $17 17. Qd2 dxc4 18. bxc4 Nxb1 19. Bxb1 Qe7) 17. Bxe4 $2 (17. Ra1 $1 $15) 17... dxe4 $19 18. Nd2 Nc3 19. Qc2 $2 {[#]} (19. Qh5 $19) 19... Nxb1 $2 (19... Bxh2+ $1 {[%mdl 512] mates} 20. Kh1 (20. Kxh2 Qh4+) 20... Qh4 21. Nf3 exf3 22. Qf5 exf5 23. Bg5 hxg5 24. Rfd1 Bf4+ 25. Kg1 Qh2+ {[%mdl 64] Double Attack} 26. Kf1 Qh1#) 20. Rxb1 f5 21. b4 $2 (21. Nf1) 21... Qc7 22. g3 f4 23. gxf4 Bxf4 24. Qxe4 Bxe3 25. Qxe6+ Qf7 $2 ({Black should play} 25... Kh8 $19 26. fxe3 Rce8) 26. Qxf7+ $15 Rxf7 (26... Kxf7 {seems wilder.} 27. fxe3 Ke6 28. e4 Rf4 29. c5 Kd7) 27. fxe3 {[%mdl 4096] Endgame KRR-KRN} Re8 28. Re1 {White is now going downhill.} (28. e4 $11) 28... Ref8 (28... Re6 $142 {Strongly threatening ...Rg6+.} 29. Re2 Rg6+ 30. Rg2 Rgf6) 29. Re2 $2 (29. c5 $17) 29... a5 $19 30. bxa5 bxa5 31. e4 $2 (31. Ne4) 31... a4 32. e5 a3 33. e6 Ra7 34. Nb3 a2 35. Na1 {If White can now play d5 this consolidates a bit.} Rb8 36. Re1 $2 {[#]} (36. Kg2 $19 Kf8 37. Rf2+ Ke8 38. d5) 36... Rb1 $1 {Black mates.} 37. Kf1 Rxe1+ 38. Kxe1 {KR-KN} Rb7 39. d5 Rb1+ {[%mdl 64] Double Attack} 40. Kd2 Rxa1 {KR-KP} 41. d6 Kf8 42. c5 Rd1+ {[%mdl 64] Decoy, Clearance, Promotion} 43. Kxd1 a1=Q+ 44. Kd2 Qa5+ 45. Kd3 Qxc5 46. e7+ Ke8 47. d7+ Kxd7 48. Ke4 Kxe7 49. Kf4 Qd6+ 50. Kg4 Qxh2 51. Kf5 Qf2+ 52. Kg6 {[#]} h5 $1 53. Kxh5 Qg2 54. Kh4 Kf6 55. Kh5 Qh3# {Accuracy: White = 39%, Black = 55%.} 0-1

[Event "Stay Safe Play From Home 184"]
[Site "T#646426Emanuel Laske"]
[Date "2020.05.29"]
[Round "8"]
[White "The Next Contender"]
[Black "Broken sword"]
[Result "0-1"]
[WhiteElo "1978"]
[BlackElo "2537"]
[Annotator "TA"]
[PlyCount "64"]
[EventDate "2020.05.29"]
[EventType "swiss (blitz)"]

{[%evp 9,64,-6,24,22,37,-2,5,-13,27,-69,-54,-129,-115,-127,-115,-132,-132,-130,-123,-212,-210,-282,-269,-271,-262,-677,-659,-1004,-1029,-971,-918,-4272,-4177,-2516,-29952,-2976,-2684,-5685,-5681,-29995,-29994,-29994,-29994,-29997,-1491,-1470,-1332,-5593,-5593,-29977,-5622,-6415,-6411,-29991,-29989,-29995,-947]} 1. d3 d5 2. c3 c6 3. g3 Nf6 4. Bg2 Bg4 5. Nf3 {[#]} Bxf3 $146 ({Predecessor:} 5... e6 6. O-O Bc5 7. b4 Bb6 8. a4 O-O 9. b5 a6 10. Ba3 Re8 11. Ne5 Bh5 12. bxc6 Nxc6 13. Nxc6 bxc6 {0-1 (33) Herrera Reyes,J (2324)-Hammer,J (2652) chess.com INT 2019}) 6. Bxf3 {A00: Irregular Openings.} Nbd7 {[%cal Bb8d7,Bd7e5,Be5f3][%mdl 32]} 7. Kf1 e6 8. Kg2 {The position is equal.} h5 9. Re1 (9. Bg5 $11) 9... h4 $15 10. h3 (10. Bg5 $15) 10... hxg3 $17 11. fxg3 Ne5 12. d4 Nxf3 13. exf3 Bd6 14. Bg5 (14. Nd2 $17) 14... Qc7 $1 $19 15. Bxf6 gxf6 16. f4 O-O-O {...Bxf4! is the strong threat.} 17. c4 $2 (17. Qf3) 17... Rdg8 18. c5 Bxf4 19. g4 f5 20. Qf3 fxg4 21. hxg4 Rh2+ 22. Kf1 Rgh8 23. Nc3 R8h3 24. Qd1 Rxb2 {[%cal Rh3h1]} 25. Re2 Rh1+ 26. Kf2 {[#]} Rxd1 (26... Be3+ $142 $1 {[%mdl 512]} 27. Kg2 (27. Kxe3 Qg3#) 27... Qh2+ 28. Kf3 Qh3#) 27. Rxd1 Rxe2+ 28. Kxe2 Bg5 29. Rh1 {[#]} Qf4 (29... Qg3 $142 $1 30. Rh8+ {[#]} Kd7 $1 {[%mdl 512]} 31. Nb5 Qg2+ 32. Ke1 Be3 33. Rd8+ Kxd8 34. Nxa7 Qf2+ 35. Kd1 Qd2#) 30. Rh8+ Kd7 {( -> ...Qe3+)} 31. Nd1 Qxg4+ 32. Kd3 Qe4+ {White got outplayed after the opening. Accuracy: White = 25%, Black = 84%.} (32... Qxd1+ $142 33. Kc3 Bc1 34. Rh7 Qd2+ {[%mdl 64] Double Attack} 35. Kb3 Qd3+ {[%mdl 64] Double Attack} 36. Kb4 Qa3#) 0-1

[Event "Stay Safe Play From Home 184"]
[Site "T#646426Emanuel Laske"]
[Date "2020.05.29"]
[Round "8"]
[White "Justwatch"]
[Black "Tolka"]
[Result "0-1"]
[WhiteElo "1713"]
[BlackElo "2251"]
[Annotator "TA"]
[PlyCount "82"]
[EventDate "2020.05.29"]
[EventType "swiss (blitz)"]

{[%evp 9,82,-11,-12,-40,-43,-35,-43,-64,-56,-118,-119,-226,-183,-218,-111,-141,45,41,49,55,60,24,42,-3,-2,-39,-41,-41,-41,-186,-39,-39,-32,-56,-39,-45,0,0,0,-65,-58,-65,-54,-75,-75,-75,-75,-86,-80,-87,-89,-94,-65,-106,-79,-109,-54,-54,-54,-54,-54,-54,-54,-54,-54,-54,-54,-54,-54,-54,-54,-544,-96,-502,-139]} 1. e4 d6 2. Nf3 Nf6 3. Nc3 e5 4. d3 Nbd7 5. Bg5 Be7 6. Bxf6 {[#] C42: Petroff Defence: 3 Nxe5 and unusual White 3rd moves.} Nxf6 $146 ({Predecessor:} 6... Bxf6 7. Nd5 c6 8. Nxf6+ Nxf6 9. Qd2 Bg4 10. Be2 Qc7 11. h3 Bxf3 12. Bxf3 O-O {0-1 (40) Rubio Guadas,A-Llacer Bosbach,A Alzira 2003}) 7. Be2 c6 8. h3 {Black is slightly better.} Qb6 9. O-O (9. Rb1 $15) 9... Qxb2 $17 10. Na4 (10. Qd2 $17) 10... Qa3 $19 11. c4 {[#]} Be6 (11... b5 $1 $19 {[%cal Rb5a4]} 12. cxb5 cxb5) 12. Qc2 Qb4 $2 (12... O-O $17 13. Rab1 Rab8) 13. Rfb1 $36 {[%mdl 2048] White has good play.} Qa5 14. Rxb7 Qd8 15. Rab1 O-O 16. Nc3 Bc8 17. Rb8 Rxb8 18. Rxb8 Qc7 19. Qb3 (19. Rb1 $15) 19... Ba6 ({Black should play} 19... Nd7 $19 20. Ra8 Nb6 21. Rxc8 Rxc8) 20. Rxf8+ $15 Bxf8 21. Ng5 h6 (21... g6 {is interesting.} 22. Qc2 Be7 23. Nf3 Nd7 24. Na4 Qa5) 22. Nf3 Qb6 23. Qxb6 axb6 24. Nd1 ({White should try} 24. d4 $11) 24... Nd7 25. Ne3 g6 26. Ng4 h5 27. Ne3 Bh6 28. Nc2 Kf8 29. Nb4 Bb7 30. Bd1 Ke7 31. Bb3 Nb8 (31... Nc5 {with more complications.} 32. Kf1 Bc1 33. Ke2 Bb2 34. Nc2 Bc8) 32. Ne1 Na6 (32... Bd2 $17 33. Nbc2 Na6) 33. Nxa6 Bxa6 {[%mdl 4096] Endgame KBB-KBN} 34. g3 Bd2 35. Ng2 Bc3 36. Ne3 Bd4 37. Kg2 Bc8 38. Nc2 Bc5 39. Ne3 Kd7 40. f4 $2 {[%mdl 8192] [#]} (40. h4 $15) 40... Kc7 $2 (40... Bxe3 $19 {has better winning chances.} 41. fxe5 dxe5) 41. fxe5 $2 {[%mdl 8192]} (41. Nf1 $17) 41... dxe5 $2 {Accuracy: White = 47%, Black = 57%.} (41... Bxe3 $19 {is more deadly.} 42. c5 dxc5 43. Bxf7 Bd4 44. Bxg6 Ba6) 0-1